| 000 | 00924nam a2200229 a 4500 | ||
|---|---|---|---|
| 001 | 000542768 | ||
| 003 | AM-YeHGA | ||
| 005 | 20250617161758.0 | ||
| 008 | 070626s1933 r 000 0 rus d | ||
| 040 | _aAM-YeHGA | ||
| 041 | 0 | _arusger | |
| 100 | 1 | _aКоренблит, А.И. | |
| 245 | 1 | 0 |
_aНемецко-русский технический словарь / _cА.И. Коренблит ; Сост. П.Н. Салтанова. |
| 250 | _a4-е изд. | ||
| 260 |
_aЛенинград : _bГосхимтехиздат, _c1933. |
||
| 300 | _aт. | ||
| 505 | 1 | 0 |
_gТ. 1 (1933, с. 1-800) : _tA- Flugelwelle _gТ. 2 (1933, с. 800-1600) : _tFlugelwendevorrichtung-Pras _gТ. 3 (1933, с. 1600-2440) : _tPraschen-Zypressenmoos |
| 650 | 1 | 4 |
_aНемецкий язык _aТехнические словари |
| 650 | 1 | 4 | _aРусский язык |
| 700 | 1 |
_aСалтанова, П.Н. _eсост. _4com |
|
| 090 | _c480624 | ||
| 999 |
_c477327 _d477327 |
||